LEADER 01723nam a2200313 a 4500 001 000000029472 003 CaOOAMICUS 005 20111123093602.0 008 970317m19589999it af u000 u ita r 035 $a10755990 040 $aPUL$bita 041 1 $aita$hfre 100 1 $aRops, Daniel.$0(OLS)http://pul/name/23821 240 10$aHistoire de l'Église du Christ.lItaliano.$0(OLS)http://pul/title/160651 245 10$aStoria della Chiesa del Cristo.$n4.$pLa Chiesa del Rinascimento e della Riforma.$n2.$pUn'era di rinnovamento: la riforma cattolica /$cper la traduzione di Nello Beghin. 246 10$aChiesa del Rinascimento e della Riforma.$n2.$pUn'era di rinnovamento: la riforma cattolica 246 10$aEra di rinnovamento :$bla riforma cattolica 260 $aTorino :$bMarietti,$c1958. 300 $a480 p. , [8] p. di tav. :$bill., facs., tav. pieg. ;$c25 cm 504 $aBibliografia p. 445-475 650 4$aChiesa$xStoria$ySec. XVI-XX.$0(OLS)http://pul/subject/16911 650 4$aControriforma$ySec. XVI-XVII.$0(OLS)http://pul/subject/13378 850 $aPUL 852 $aPUL$W1$xDP1 Fondo Maccarrone$y58$m1510 G 38$j40841$nBK-PRI$b $qFondi$B40841$CPULBib$Z2$F40841 $H $81 941 1 $a1 996 $6245$aStoria della Chiesa del Cristo.$n4.$pLa Chiesa del Rinascimento e della Riforma.$n2.$pUn'era di rinnovamento: la riforma cattolica$9(OLS)http://pul/title/40348 996 $6246$aChiesa del Rinascimento e della Riforma.$n2.$pUn'era di rinnovamento: la riforma cattolica$9(OLS)http://pul/title/40349 996 $6246$aEra di rinnovamento :$bla riforma cattolica$9(OLS)http://pul/title/40350 996 $6260$aTorino :$bMarietti$9(OLS)http://pul/publisher/48186 LEADER 01431nam a2200325 a 4500 001 000000135603 003 CaOOAMICUS 005 20131007104149.0 008 131007s2013 enk u000 u eng r 020 $a978-0-415-66444-8 040 $aPUL$bita 082 04$a102 100 1 $aMulhall, Stephen,$d1962-$0(OLS)http://pul/name/87312 245 14$aThe Routledge guidebook to Heidegger's Being and time /$cStephen Mulhall. 246 30$aGuidebook to Heidegger's Being and time 260 $aLondon ;$aNew York :$bRoutledge,$c©2013. 300 $axiv, 220 p. ;$c20 cm 490 1 $aRoutledge guides to the great books 504 $aBibliografia p. [214]-215. 600 14$aHeidegger, Martin,$d1889-1976$tSein und Zeit.$0(OLS)http://pul/subject/24342 830 0$aRoutledge guides to the great books.$0(OLS)http://pul/title/171398 850 $aPUL 852 $aPUL$W1$xSL Filosofia 3$y81$m102 COLL 1.6$j156395$qDDC 21$B155741$CPULBib$Z2$F155741 $H122958 $82 941 1 $a9 996 $6020$a978-0-415-66444-8$9(OLS)http://pul/number/153608 996 $6082$a102$9(OLS)http://pul/classification/2563 996 $6245$aThe Routledge guidebook to Heidegger's Being and time$9(OLS)http://pul/title/171455 996 $6246$aGuidebook to Heidegger's Being and time$9(OLS)http://pul/title/171456 996 $6260$aLondon ;$aNew York :$bRoutledge$9(OLS)http://pul/publisher/52469